000 00517nam a2200181Ia 4500
003 OSt
005 20191221122037.0
008 190216s9999||||xx |||||||||||||| ||und||
020 _a0333932480
040 _coclc
082 _a332.46
_bKUL/M
100 _aKulkarni, Kishore G
_9655
245 0 _aModern Monetary Theory /
_c Kishore G Kulkarni
260 _bMacmillan India Ltd,
_c1999.
_aDelhi:
300 _a284 p
650 _aEconomics
942 _cBK
_2ddc
_h332.46
_iKUL/M
_k332.46
_mKUL/M
999 _c10318
_d10318